Billy Ferros Quiz - Statistics

General Stats
  • This quiz has been taken 8 times
  • The average score is 21 of 25
Answer Stats
Hint Answer % Correct
Birthplace of his Parents (True Ethnicity) Albania
100%
Black or __? Chinese
100%
Ethnicity Greek
100%
Friend's place he spends most of his time HQ
100%
Skin Color Light Olive
100%
Frequents this Bar in College OHE
100%
What is Generate Slavery
100%
First Car Subaru WRX
100%
Classically trained in this instrument Violin
100%
Greatest concern Hair Loss
80%
What taller people do to him Heightmog
80%
Evil Billy does what Mins
80%
Bilestan and ___? Moghdar
80%
Henrik's description of the girl from above Morbidly Obese
80%
He had a third one of these Nipple
80%
Reaper that causes the previous answer Norwood
80%
Hometown Portland
80%
Billy's Kryptonite that I secretly feed him Seed Oils
80%
Favorite Color Turquoise
80%
Favorite Lip Balm Company Burt's Bees
60%
Place where he first did the deed Driveway
60%
Penis Nickname Fredagain
60%
Preferred type of girl (such as Cuddy) Jew
60%
What type of radio station did he run Racist Radio
60%
What did Andreas wake up to see on the floor Freshman year Tissues
60%
No matching quizzes found
Score Distribution
Percent of People with Each Score
Percentile by Number Answered
Your Score History
You have not taken this quiz